000 00875pam a2200277 a 4500
001 4942516
003 mut
005 20240606081130.0
008 960116s1997 nyua b 001 0 eng
010 _a 96004802
020 _a0673999904
040 _aDLC
_cDLC
_dDLC
050 0 0 _aBF721
_b.B336 1997
082 0 0 _a155.4
_220
100 1 _aBee, Helen L.,
_d1939-
245 1 4 _aThe developing child /
250 _a8th ed.
260 _aNew York :
_bLongman,
_cc1997.
300 _axxviii, 561 p. :
_bcol. ill. ;
_c27 cm.
504 _aIncludes bibliographical references (p. [493]-540) and indexes.
650 0 _aChild psychology
_vTextbooks.
650 0 _aChild development
_vTextbooks.
906 _a7
_bcbc
_corignew
_d1
_eocip
_f19
_gy-gencatlg
942 _2lcc
_cBK
999 _c10091
_d10091